000
00308nam a2200133Ia 4500
008
230312s9999||||xx |||||||||||||| ||und||
082
_a
720.19
_b
TRU-1
100
_a
Trustworthy
245
0
_a
1,001 Home Remedies
260
_b
reader digest
_a
london
300
_a
448
650
_a
Architecture
942
_c
BK
999
_c
11617
_d
11617